Les musiques les plus connues des rappeurs français - Statistiques

Statistiques générales
  • Ce quiz a été pris 8 006 fois
  • Le résultat moyen est 7 sur 14
Statistiques - réponses
Hint Réponse % Correct
Damso Macarena
63%
Jul Tchikita
61%
Ninho La vie qu’on mene
60%
Ninho Maman ne le sait pas
56%
Gazo Haine & sex
53%
Jul Bande Organisée
52%
Damso Mwaka Moon
52%
Booba 92i Veyron
48%
Gazo Die
47%
Maes Distant
43%
Koba Lad Rr 91
41%
Maes Madrina
40%
Koba Lad Train de vie
30%
Booba DKR
21%
Aucun quiz correspondant
Distribution des résultats
% des personnes avec chaque résultat
Percentile par nombre de réponses
Votre historique - résultats
Vous n’avez pas pris ce quiz